00565nam a2200181Ia 4500003000500000008004100005020001800046040001900064082000700083100001900090245008300109260003300192300000800225546001200233942001200245999001700257952010900274STCL181203s9999 xx 000 0 und d a9788183763653 aSTCLbENcSTCL 222 aJeremiah, M.S. 4aThe Quality of Higher Education: Income, Expenditure Disparity and its Effects bABD PublishersaJaipurc2012 a240 aEnglish 2ddccBK c84992d84992 00102ddc4070aSTCALbSTCALcGENd2018-12-03l0o378 JER-Qp93502r2018-12-03 00:00:00w2018-12-03yBK